Statystyki dla Polskie miasta położone na linii brzegowej Bałtyku z mapą

Kliknij tutaj aby rozwiązać quiz!

Ogólne statystyki

  • Ten quiz został rozwiązany 10 162 razy
    (2 605 od ostatniego zresetowania)
  • Średni wynik to 11 z 16

Odpowiedzi na mapie

Odpowiedzi skodowane kolorowo w zielono-czerwonej skali na mapie do tego quizu, zgodnie z poniższymi procentami.
 

Statystyki odpowiedzi

MiastoLiczba ludności% Poprawnych
Gdańsk470 805
99%
Gdynia244 969
98%
Hel3 212
94%
Sopot35 286
94%
Kołobrzeg46 198
85%
Świnoujście40 948
85%
Władysławowo9 830
73%
Łeba3 541
61%
Ustka15 199
61%
Jastarnia2 679
60%
Międzyzdroje5 307
52%
Krynica Morska1 290
50%
Puck11 139
49%
Mielno2 898
48%
Darłowo13 574
41%
Dziwnów2 647
29%

Rozkład punktacji

Percentyl według liczby udzielonych odpowiedzi

Procent ludzi z każdym wynikiem

Twoja historia wyników

Nie rozwiązałeś tego quizu od ostatniego zresetowania